| 000 | 00332nam a2200109Ia 4500 | ||
|---|---|---|---|
| 008 | 171211s9999 xx 000 0 und d | ||
| 245 | _aHow to draw with colored pencils on toned paper in realistic style | ||
| 245 | _cJasmina Susak | ||
| 260 | _c2015 | ||
| 650 | _xDrawing | ||
| 856 | _uhttp://down.ebook777.com/007/978-1507757048.pdf | ||
| 999 |
_c347987 _d347987 |
||